Water Management in Georgia - History and Future Development

Guardado en:
Detalles Bibliográficos
Autor principal: Iashvili, Tornike (Autor)
Otros Autores: Bodík, Igor (Orientador)
Formato: Manuscrito Libro
Lenguaje:eslovaco
inglés
Publicado: 2021
Materias:
Acceso en línea:http://is.stuba.sk/zp/portal_zp.pl?podrobnosti=160522
Etiquetas: Agregar Etiqueta
Sin Etiquetas, Sea el primero en etiquetar este registro!

MARC

LEADER 00000ntm a22000003a 4500
001 stuzp82778
003 SK-STU
005 20210605210306.0
007 ta
008 150427s2015----xo-----f-mn---000-0-slo-d
040 |a STU  |b slo 
041 0 |a eng 
100 1 |a Iashvili, Tornike  |u 046290  |4 aut  |U FCHPT Ústav chemického a environmentálneho inžinierstva  |T FCHPT Oddelenie environmentálneho inžinierstva  |X 106538  |U C6290  |Y 120  |7 106538 
242 0 1 |a Vodné hospodárstvo v Gruzínsku - história a budúci vývoj  |y slo 
245 1 0 |a Water Management in Georgia - History and Future Development 
260 |c 2021 
650 4 |a Voda  |2 slo 
650 4 |a vodné hospodárstvo  |2 slo 
650 4 |a odpadové vody  |2 slo 
650 4 |a Gruzínsko  |2 slo 
650 4 |a Water  |2 eng 
650 4 |a Water Management  |2 eng 
650 4 |a Waste Water  |2 eng 
650 4 |a Georgia  |2 eng 
700 1 |a Bodík, Igor  |u 046290  |k Z1  |4 ths  |U FCHPT Ústav chemického a environmentálneho inžinierstva  |T FCHPT Oddelenie environmentálneho inžinierstva  |X 3340  |U C6290  |Y 120  |7 A000003340 
856 4 |u http://is.stuba.sk/zp/portal_zp.pl?podrobnosti=160522